[Event "World Youth & Cadets Rapid Championships"]
[Site "Rhodes, Greece"]
[Date "2022.05.01"]
[Round "1.42"]
[White "Galmidi, Ester"]
[Black "Rzadkowska, Kaja"]
[Result "0-1"]
[TimeControl "10'/game & 5\"/move"]
[WhiteElo "1069"]
[BlackElo "1244"]

1. e4 {[%clk 00:10:09]} {[%emt 00:00:01]} d5 {[%clk 00:10:09]} {[%emt
00:00:01]} 2. e5 {[%clk 00:10:08]} {[%emt 00:00:06]} c5 {[%clk 00:09:57]}
{[%emt 00:00:16]} 3. c3 {[%clk 00:10:09]} {[%emt 00:00:04]} Nc6 {[%clk
00:09:46]} {[%emt 00:00:17]} 4. d4 {[%clk 00:10:06]} {[%emt 00:00:07]} e6
{[%clk 00:09:42]} {[%emt 00:00:09]} 5. Nf3 {[%clk 00:09:10]} {[%emt 00:00:10]}
Be7 {[%clk 00:09:16]} {[%emt 00:01:23]} 6. Be2 {[%clk 00:09:02]} {[%emt
00:00:12]} f6 {[%clk 00:08:54]} {[%emt 00:00:28]} 7. Bb5 {[%clk 00:08:43]}
{[%emt 00:00:23]} a6 {[%clk 00:08:34]} {[%emt 00:00:26]} 8. Bxc6+ {[%clk
00:08:40]} {[%emt 00:00:08]} bxc6 {[%clk 00:08:35]} {[%emt 00:00:04]} 9. O-O
{[%clk 00:06:34]} {[%emt 00:00:16]} Qc7 {[%clk 00:07:40]} {[%emt 00:02:55]} 10.
Re1 {[%clk 00:06:34]} {[%emt 00:00:05]} fxe5 {[%clk 00:07:16]} {[%emt
00:00:29]} 11. Nxe5 {[%clk 00:06:35]} {[%emt 00:00:02]} Nf6 {[%clk 00:07:11]}
{[%emt 00:00:12]} 12. Bf4 {[%clk 00:06:31]} {[%emt 00:00:07]} O-O {[%clk
00:06:33]} {[%emt 00:00:45]} 13. Qd2 {[%clk 00:06:29]} {[%emt 00:00:06]} Qb6
{[%clk 00:06:16]} {[%emt 00:00:23]} 14. Qe2 {[%clk 00:05:46]} {[%emt 00:00:46]}
Ne4 {[%clk 00:05:43]} {[%emt 00:00:40]} 15. dxc5 {[%clk 00:05:14]} {[%emt
00:00:36]} Bxc5 {[%clk 00:05:28]} {[%emt 00:00:21]} 16. Be3 {[%clk 00:05:05]}
{[%emt 00:00:14]} Nxf2 {[%clk 00:04:26]} {[%emt 00:01:07]} 17. Bxc5 {[%clk
00:04:28]} {[%emt 00:00:41]} Qxc5 {[%clk 00:04:21]} {[%emt 00:00:10]} 18. Rf1
{[%clk 00:04:09]} {[%emt 00:00:22]} Nd3+ {[%clk 00:03:10]} {[%emt 00:01:18]} 19.
Kh1 {[%clk 00:03:29]} {[%emt 00:00:44]} Rxf1+ {[%clk 00:03:01]} {[%emt
00:00:16]} 20. Qxf1 {[%clk 00:03:22]} {[%emt 00:00:10]} Nxe5 {[%clk 00:02:47]}
{[%emt 00:00:20]} 21. Na3 {[%clk 00:02:52]} {[%emt 00:00:35]} Bd7 {[%clk
00:02:23]} {[%emt 00:00:29]} 22. Re1 {[%clk 00:02:34]} {[%emt 00:00:21]} Ng4
{[%clk 00:01:34]} {[%emt 00:00:57]} 23. Qf3 {[%clk 00:01:42]} {[%emt 00:00:56]}
Nf2+ {[%clk 00:01:22]} {[%emt 00:00:18]} 24. Kg1 {[%clk 00:01:36]} {[%emt
00:00:10]} Rf8 {[%clk 00:01:09]} {[%emt 00:00:19]} 25. Qe3 {[%clk 00:01:22]}
{[%emt 00:00:18]} Qxe3 {[%clk 00:00:44]} {[%emt 00:00:30]} 26. Rxe3 {[%clk
00:01:25]} {[%emt 00:00:02]} Ng4 {[%clk 00:00:38]} {[%emt 00:00:12]} 27. Rg3
{[%clk 00:01:25]} {[%emt 00:00:02]} Nf6 {[%clk 00:00:38]} {[%emt 00:00:07]} 28.
c4 {[%clk 00:01:26]} {[%emt 00:00:04]} e5 {[%clk 00:00:33]} {[%emt 00:00:10]}
29. cxd5 {[%clk 00:01:28]} {[%emt 00:00:03]} cxd5 {[%clk 00:00:35]} {[%emt
00:00:03]} 30. Re3 {[%clk 00:01:26]} {[%emt 00:00:07]} e4 {[%clk 00:00:35]}
{[%emt 00:00:06]} 31. Nc2 {[%clk 00:01:20]} {[%emt 00:00:11]} Ng4 {[%clk
00:00:35]} {[%emt 00:00:05]} 32. Re1 {[%clk 00:01:17]} {[%emt 00:00:07]} Rf2
{[%clk 00:00:26]} {[%emt 00:00:14]} 33. Nd4 {[%clk 00:01:07]} {[%emt 00:00:14]}
Rxb2 {[%clk 00:00:27]} {[%emt 00:00:06]} 34. a4 {[%clk 00:01:06]} {[%emt
00:00:06]} Rb4 {[%clk 00:00:29]} {[%emt 00:00:03]} 35. Nc2 {[%clk 00:01:07]}
{[%emt 00:00:04]} Rxa4 {[%clk 00:00:31]} {[%emt 00:00:03]} 36. h3 {[%clk
00:01:07]} {[%emt 00:00:03]} Nf6 {[%clk 00:00:34]} {[%emt 00:00:03]} 37. Rb1
{[%clk 00:01:04]} {[%emt 00:00:07]} h6 {[%clk 00:00:36]} {[%emt 00:00:04]} 38.
Rb8+ {[%clk 00:01:06]} {[%emt 00:00:04]} Kh7 {[%clk 00:00:39]} {[%emt
00:00:02]} 39. Rb7 {[%clk 00:01:07]} {[%emt 00:00:04]} Bb5 {[%clk 00:00:37]}
{[%emt 00:00:06]} 40. Rc7 {[%clk 00:01:05]} {[%emt 00:00:07]} Rc4 {[%clk
00:00:35]} {[%emt 00:00:08]} 41. Rxc4 {[%clk 00:01:07]} {[%emt 00:00:03]} Bxc4
{[%clk 00:00:38]} {[%emt 00:00:02]} 42. Ne3 {[%clk 00:01:10]} {[%emt 00:00:02]}
Bb5 {[%clk 00:00:39]} {[%emt 00:00:04]} 43. Nf5 {[%clk 00:01:12]} {[%emt
00:00:03]} Kg6 {[%clk 00:00:37]} {[%emt 00:00:07]} 44. Ne7+ {[%clk 00:01:11]}
{[%emt 00:00:06]} Kg5 {[%clk 00:00:35]} {[%emt 00:00:07]} 45. g3 {[%clk
00:01:06]} {[%emt 00:00:08]} d4 {[%clk 00:00:37]} {[%emt 00:00:05]} 46. h4+
{[%clk 00:01:04]} {[%emt 00:00:05]} Kg4 {[%clk 00:00:34]} {[%emt 00:00:08]} 47.
Kf2 {[%clk 00:01:06]} {[%emt 00:00:04]} e3+ {[%clk 00:00:35]} {[%emt 00:00:04]}
48. Ke1 {[%clk 00:01:09]} {[%emt 00:00:02]} Kxg3 {[%emt 00:00:07]} 49. Nf5+
{[%clk 00:01:08]} {[%emt 00:00:03]} Kg4 {[%clk 00:00:33]} {[%emt 00:00:09]} 50.
Nxd4 {[%clk 00:01:09]} {[%emt 00:00:02]} Kxh4 {[%clk 00:00:34]} {[%emt
00:00:05]} 51. Kd1 {[%clk 00:01:01]} {[%emt 00:00:12]} Kh3 {[%clk 00:00:30]}
{[%emt 00:00:10]} 52. Ke1 {[%clk 00:00:54]} {[%emt 00:00:11]} Nd5 {[%clk
00:00:31]} {[%emt 00:00:06]} 53. Nxb5 {[%clk 00:00:56]} {[%emt 00:00:03]} axb5
{[%clk 00:00:34]} {[%emt 00:00:02]} 54. Ke2 {[%clk 00:00:59]} {[%emt 00:00:02]}
b4 {[%clk 00:00:37]} {[%emt 00:00:02]} 55. Kd3 {[%clk 00:01:01]} {[%emt
00:00:02]} b3 {[%clk 00:00:40]} {[%emt 00:00:03]} 56. Ke2 {[%clk 00:01:00]}
{[%emt 00:00:04]} b2 {[%clk 00:00:43]} {[%emt 00:00:04]} 57. Kd3 {[%clk
00:01:03]} {[%emt 00:00:01]} b1=Q+ {[%clk 00:00:45]} {[%emt 00:00:03]} 58. Kd4
{[%clk 00:01:03]} {[%emt 00:00:06]} Qd1+ {[%clk 00:00:47]} {[%emt 00:00:03]} 59.
Ke4 {[%clk 00:01:05]} {[%emt 00:00:02]} Nc3+ {[%clk 00:00:49]} {[%emt
00:00:04]} 60. Kxe3 {[%clk 00:01:07]} {[%emt 00:00:02]} Qd6 {[%clk 00:00:49]}
{[%emt 00:00:04]} 61. Kf3 {[%clk 00:01:08]} {[%emt 00:00:05]} Qd5+ {[%clk
00:00:51]} {[%emt 00:00:03]} 62. Ke3 {[%clk 00:01:09]} {[%emt 00:00:04]} Nd1+
{[%clk 00:00:55]} {[%emt 00:00:02]} 63. Ke2 {[%clk 00:01:11]} {[%emt 00:00:02]}
Kg3 {[%emt 00:00:07]} 64. Kf1 {[%clk 00:01:09]} {[%emt 00:00:05]} Qd3+ {[%clk
00:00:53]} {[%emt 00:00:08]} 65. Ke1 {[%clk 00:01:10]} {[%emt 00:00:02]} Qe3+
{[%clk 00:00:47]} {[%emt 00:00:14]} 66. Kxd1 {[%emt 00:00:04]} Qf2 {[%clk
00:00:45]} {[%emt 00:00:05]} 67. Kc1 {[%clk 00:01:14]} {[%emt 00:00:02]} Kf3
{[%emt 00:00:06]} 68. Kb1 {[%clk 00:01:13]} {[%emt 00:00:02]} Qd2 {[%clk
00:00:51]} {[%emt 00:00:02]} 69. Ka1 {[%clk 00:01:17]} {[%emt 00:00:02]} 0-1

[Event "World Youth & Cadets Rapid Championships"]
[Site "Rhodes, Greece"]
[Date "2022.05.01"]
[Round "2.1"]
[White "Koziorowicz, Michal"]
[Black "Subelj, Jan"]
[Result "1-0"]
[TimeControl "10'/game & 5\"/move"]
[WhiteElo "2076"]
[BlackElo "2338"]

1. e4 {[%clk 00:10:09]} c5 {[%clk 00:10:07]} {[%emt 00:00:04]} 2. Nf3 {[%clk
00:10:13]} e6 {[%clk 00:10:11]} {[%emt 00:00:01]} 3. g3 {[%clk 00:10:16]}
{[%emt 00:00:02]} Nc6 {[%clk 00:10:12]} {[%emt 00:00:03]} 4. Bg2 {[%clk
00:10:19]} {[%emt 00:00:02]} Nf6 {[%clk 00:10:14]} {[%emt 00:00:02]} 5. Nc3
{[%clk 00:10:22]} {[%emt 00:00:02]} d5 {[%clk 00:10:17]} {[%emt 00:00:02]} 6.
exd5 {[%clk 00:10:19]} {[%emt 00:00:09]} exd5 {[%clk 00:10:20]} {[%emt
00:00:02]} 7. d4 {[%clk 00:10:23]} {[%emt 00:00:01]} cxd4 {[%clk 00:10:22]}
{[%emt 00:00:03]} 8. Nxd4 {[%clk 00:10:25]} {[%emt 00:00:03]} Bg4 {[%clk
00:10:18]} {[%emt 00:00:09]} 9. f3 {[%clk 00:07:30]} {[%emt 00:03:00]} Bd7
{[%clk 00:10:15]} {[%emt 00:00:07]} 10. O-O {[%clk 00:06:50]} {[%emt 00:00:46]}
Be7 {[%clk 00:09:30]} {[%emt 00:00:50]} 11. Kh1 {[%clk 00:06:32]} {[%emt
00:00:23]} O-O {[%clk 00:09:30]} {[%emt 00:00:04]} 12. Re1 {[%clk 00:06:34]}
{[%emt 00:00:04]} Rc8 {[%clk 00:07:56]} {[%emt 00:01:39]} 13. Bf4 {[%clk
00:05:52]} {[%emt 00:00:47]} Nxd4 {[%clk 00:06:36]} {[%emt 00:01:25]} 14. Qxd4
{[%clk 00:05:54]} {[%emt 00:00:03]} Bc5 {[%clk 00:06:39]} {[%emt 00:00:01]} 15.
Qd3 {[%clk 00:05:41]} {[%emt 00:00:19]} d4 {[%clk 00:06:11]} {[%emt 00:00:32]}
16. Ne4 {[%clk 00:05:38]} {[%emt 00:00:09]} Nxe4 {[%clk 00:05:48]} {[%emt
00:00:28]} 17. Qxe4 {[%clk 00:05:34]} {[%emt 00:00:09]} Qb6 {[%clk 00:05:32]}
{[%emt 00:00:21]} 18. Rab1 {[%clk 00:05:01]} {[%emt 00:00:39]} Rfe8 {[%clk
00:04:24]} {[%emt 00:01:12]} 19. Qd5 {[%clk 00:04:15]} {[%emt 00:00:51]} Rxe1+
{[%clk 00:03:38]} {[%emt 00:00:51]} 20. Rxe1 {[%clk 00:04:13]} {[%emt
00:00:07]} Be6 {[%clk 00:03:41]} {[%emt 00:00:02]} 21. Qe4 {[%clk 00:02:53]}
{[%emt 00:01:25]} Qxb2 {[%clk 00:03:17]} {[%emt 00:00:28]} 22. Bf1 {[%clk
00:02:57]} Bf8 {[%clk 00:01:28]} {[%emt 00:01:55]} 23. Bd3 {[%clk 00:02:55]}
{[%emt 00:00:08]} g6 {[%clk 00:01:31]} 24. Be5 {[%clk 00:02:58]} {[%emt
00:00:02]} Bg7 {[%clk 00:01:29]} {[%emt 00:00:07]} 25. h4 {[%clk 00:02:47]}
{[%emt 00:00:16]} Bxe5 {[%clk 00:01:05]} {[%emt 00:00:29]} 26. Qxe5 {[%clk
00:02:50]} {[%emt 00:00:02]} Qxa2 {[%clk 00:01:07]} {[%emt 00:00:03]} 27. h5
{[%clk 00:02:17]} {[%emt 00:00:37]} Qd5 {[%clk 00:01:11]} {[%emt 00:00:02]} 28.
hxg6 {[%clk 00:02:10]} {[%emt 00:00:12]} hxg6 {[%clk 00:00:31]} {[%emt
00:00:45]} 29. Qf6 {[%clk 00:02:13]} {[%emt 00:00:02]} Rc6 {[%clk 00:00:21]}
{[%emt 00:00:15]} 30. Re5 {[%clk 00:01:39]} {[%emt 00:00:38]} Bd7 {[%clk
00:00:17]} {[%emt 00:00:10]} 31. Qd8+ {[%clk 00:01:31]} {[%emt 00:00:13]} 1-0

[Event "World Youth & Cadets Rapid Championships"]
[Site "Rhodes, Greece"]
[Date "2022.05.01"]
[Round "2.2"]
[White "Ochedzan, Tymon"]
[Black "Nogerbek, Kazybek"]
[Result "0-1"]
[TimeControl "10'/game & 5\"/move"]
[WhiteElo "2030"]
[BlackElo "2308"]

1. e4 {[%clk 00:10:09]} {[%emt 00:00:01]} Nc6 {[%clk 00:10:09]} {[%emt
00:00:01]} 2. Nf3 {[%clk 00:10:01]} {[%emt 00:00:13]} d6 {[%clk 00:10:12]}
{[%emt 00:00:01]} 3. d4 {[%clk 00:09:48]} {[%emt 00:00:18]} Nf6 {[%clk
00:10:13]} {[%emt 00:00:04]} 4. Nc3 {[%clk 00:09:48]} {[%emt 00:00:06]} g6
{[%clk 00:10:16]} {[%emt 00:00:01]} 5. h3 {[%clk 00:09:43]} {[%emt 00:00:10]}
Bg7 {[%clk 00:10:18]} {[%emt 00:00:02]} 6. Bd3 {[%clk 00:09:43]} {[%emt
00:00:07]} O-O {[%clk 00:10:20]} {[%emt 00:00:03]} 7. O-O {[%clk 00:09:34]}
{[%emt 00:00:14]} e5 {[%clk 00:10:21]} {[%emt 00:00:04]} 8. d5 {[%clk
00:09:24]} {[%emt 00:00:15]} Ne7 {[%clk 00:10:21]} {[%emt 00:00:05]} 9. Be3
{[%clk 00:09:17]} {[%emt 00:00:12]} c6 {[%clk 00:10:19]} {[%emt 00:00:07]} 10.
dxc6 {[%clk 00:08:51]} {[%emt 00:00:32]} bxc6 {[%clk 00:09:50]} {[%emt
00:00:33]} 11. Be2 {[%clk 00:08:43]} {[%emt 00:00:13]} Qc7 {[%clk 00:09:38]}
{[%emt 00:00:16]} 12. Bg5 {[%clk 00:08:30]} {[%emt 00:00:19]} h6 {[%clk
00:09:29]} {[%emt 00:00:14]} 13. Bxf6 {[%clk 00:08:32]} {[%emt 00:00:03]} Bxf6
{[%clk 00:09:32]} {[%emt 00:00:02]} 14. Qd2 {[%clk 00:08:30]} {[%emt 00:00:07]}
Bg7 {[%clk 00:09:35]} {[%emt 00:00:02]} 15. Rad1 {[%clk 00:08:31]} {[%emt
00:00:04]} Rd8 {[%clk 00:08:48]} {[%emt 00:00:52]} 16. Na4 {[%clk 00:07:41]}
{[%emt 00:00:55]} d5 {[%clk 00:08:32]} {[%emt 00:00:21]} 17. c4 {[%clk
00:07:42]} {[%emt 00:00:03]} Bd7 {[%clk 00:07:15]} {[%emt 00:01:23]} 18. Qc2
{[%clk 00:06:57]} {[%emt 00:00:50]} dxe4 {[%clk 00:06:40]} {[%emt 00:00:40]} 19.
Qxe4 {[%clk 00:06:52]} {[%emt 00:00:10]} Bf5 {[%clk 00:06:42]} {[%emt
00:00:02]} 20. Qe3 {[%clk 00:06:40]} {[%emt 00:00:18]} Rxd1 {[%clk 00:06:42]}
{[%emt 00:00:05]} 21. Bxd1 {[%clk 00:06:41]} {[%emt 00:00:04]} Be6 {[%clk
00:06:36]} {[%emt 00:00:10]} 22. Be2 {[%clk 00:06:29]} {[%emt 00:00:18]} Nf5
{[%clk 00:06:36]} {[%emt 00:00:05]} 23. Qc5 {[%clk 00:06:16]} {[%emt 00:00:17]}
e4 {[%clk 00:06:36]} {[%emt 00:00:06]} 24. Qa3 {[%clk 00:04:48]} {[%emt
00:01:33]} exf3 {[%clk 00:06:35]} {[%emt 00:00:06]} 25. Bxf3 {[%clk 00:04:51]}
{[%emt 00:00:01]} Nd4 {[%clk 00:06:35]} {[%emt 00:00:06]} 26. Rc1 {[%clk
00:04:37]} {[%emt 00:00:19]} Qf4 {[%clk 00:06:31]} {[%emt 00:00:09]} 27. Qe3
{[%clk 00:04:28]} {[%emt 00:00:14]} Nxf3+ {[%clk 00:06:31]} {[%emt 00:00:05]}
28. gxf3 {[%clk 00:04:31]} {[%emt 00:00:01]} Qh4 {[%clk 00:06:29]} {[%emt
00:00:07]} 29. Nc5 {[%clk 00:04:18]} {[%emt 00:00:18]} Bd4 {[%clk 00:06:33]}
{[%emt 00:00:02]} 0-1

[Event "World Youth & Cadets Rapid Championships"]
[Site "Rhodes, Greece"]
[Date "2022.05.01"]
[Round "2.3"]
[White "Petrovskyi, Vadym"]
[Black "Herega, Nejc"]
[Result "1/2-1/2"]
[TimeControl "10'/game & 5\"/move"]
[WhiteElo "2347"]
[BlackElo "1940"]

1. e4 {[%clk 00:10:09]} {[%emt 00:08:10]} c5 {[%clk 00:10:08]} {[%emt
00:00:03]} 2. Nf3 {[%clk 00:10:12]} {[%emt 00:00:02]} d6 {[%clk 00:10:10]}
{[%emt 00:00:02]} 3. d4 {[%clk 00:10:16]} {[%emt 00:00:02]} cxd4 {[%clk
00:10:13]} {[%emt 00:00:02]} 4. Nxd4 {[%clk 00:10:19]} {[%emt 00:00:02]} Nf6
{[%clk 00:10:15]} {[%emt 00:00:03]} 5. Nc3 {[%clk 00:10:22]} {[%emt 00:00:02]}
a6 {[%clk 00:10:18]} {[%emt 00:00:02]} 6. Be2 {[%clk 00:10:25]} {[%emt
00:00:02]} e5 {[%clk 00:10:15]} {[%emt 00:00:07]} 7. Nb3 {[%clk 00:10:28]}
{[%emt 00:00:03]} Be7 {[%clk 00:10:16]} {[%emt 00:00:03]} 8. Be3 {[%clk
00:10:31]} {[%emt 00:00:02]} Be6 {[%clk 00:10:04]} {[%emt 00:00:17]} 9. Nd5
{[%clk 00:10:34]} {[%emt 00:00:03]} Bxd5 {[%clk 00:09:35]} {[%emt 00:00:34]} 10.
exd5 {[%clk 00:10:38]} {[%emt 00:00:02]} Nbd7 {[%clk 00:09:29]} {[%emt
00:00:10]} 11. O-O {[%clk 00:10:40]} {[%emt 00:00:03]} a5 {[%clk 00:08:54]}
{[%emt 00:00:40]} 12. c4 {[%clk 00:09:52]} {[%emt 00:00:53]} O-O {[%clk
00:08:35]} {[%emt 00:00:24]} 13. Rc1 {[%clk 00:08:18]} {[%emt 00:01:39]} b6
{[%clk 00:07:45]} {[%emt 00:00:55]} 14. a4 {[%clk 00:07:45]} {[%emt 00:00:38]}
Ne4 {[%clk 00:06:59]} {[%emt 00:00:51]} 15. f4 {[%clk 00:04:13]} {[%emt
00:03:37]} Nec5 {[%clk 00:06:03]} {[%emt 00:01:00]} 16. Nxc5 {[%clk 00:02:59]}
{[%emt 00:01:19]} bxc5 {[%clk 00:05:52]} {[%emt 00:00:16]} 17. Bg4 {[%clk
00:02:22]} {[%emt 00:00:42]} f5 {[%clk 00:04:32]} {[%emt 00:01:26]} 18. Bh3
{[%clk 00:02:00]} {[%emt 00:00:27]} e4 {[%clk 00:04:00]} {[%emt 00:00:37]} 19.
g4 {[%clk 00:01:42]} {[%emt 00:00:23]} Bf6 {[%clk 00:03:43]} {[%emt 00:00:21]}
20. b3 {[%clk 00:01:44]} {[%emt 00:00:04]} Bb2 {[%clk 00:02:33]} {[%emt
00:01:14]} 21. Rc2 {[%clk 00:01:39]} {[%emt 00:00:11]} Qh4 {[%clk 00:02:29]}
{[%emt 00:00:08]} 22. Bg2 {[%clk 00:01:18]} {[%emt 00:00:26]} Bd4 {[%clk
00:02:10]} {[%emt 00:00:25]} 23. Bxd4 {[%clk 00:00:38]} {[%emt 00:00:45]} cxd4
{[%clk 00:02:12]} {[%emt 00:00:02]} 24. Qxd4 {[%clk 00:00:42]} {[%emt
00:00:02]} Rae8 {[%clk 00:01:33]} {[%emt 00:00:44]} 25. g5 {[%clk 00:00:31]}
{[%emt 00:00:15]} Nc5 {[%clk 00:01:26]} {[%emt 00:00:12]} 26. Rc3 {[%clk
00:00:34]} {[%emt 00:00:02]} Nd3 {[%clk 00:01:19]} {[%emt 00:00:12]} 27. Qe3
{[%clk 00:00:18]} {[%emt 00:00:21]} h6 {[%clk 00:01:12]} {[%emt 00:00:12]} 28.
gxh6 {[%clk 00:00:16]} {[%emt 00:00:08]} Qxh6 {[%clk 00:01:15]} {[%emt
00:00:02]} 29. Qg3 {[%clk 00:00:17]} {[%emt 00:00:04]} Qf6 {[%clk 00:01:09]}
{[%emt 00:00:11]} 30. Rc2 {[%clk 00:00:13]} {[%emt 00:00:09]} Qd4+ {[%clk
00:01:02]} {[%emt 00:00:12]} 31. Kh1 {[%clk 00:00:17]} {[%emt 00:00:01]} Rb8
{[%clk 00:00:48]} {[%emt 00:00:19]} 32. Bh3 {[%clk 00:00:17]} {[%emt 00:00:04]}
Rxb3 {[%clk 00:00:36]} {[%emt 00:00:17]} 33. Rg2 {[%clk 00:00:21]} {[%emt
00:00:02]} Rb7 {[%clk 00:00:29]} {[%emt 00:00:12]} 34. Qg6 {[%clk 00:00:23]}
{[%emt 00:00:03]} Qf6 {[%clk 00:00:21]} {[%emt 00:00:12]} 35. Qh5 {[%clk
00:00:28]} {[%emt 00:00:01]} Rb2 {[%clk 00:00:19]} {[%emt 00:00:07]} 36. Rg6
{[%clk 00:00:30]} {[%emt 00:00:03]} Qd4 {[%clk 00:00:18]} {[%emt 00:00:06]} 37.
Bxf5 {[%clk 00:00:32]} {[%emt 00:00:03]} Nf2+ {[%clk 00:00:17]} {[%emt
00:00:06]} 38. Rxf2 {[%clk 00:00:33]} {[%emt 00:00:05]} Rxf5 {[%clk 00:00:10]}
{[%emt 00:00:11]} 39. Qxf5 {[%clk 00:00:21]} {[%emt 00:00:16]} Qxf2 {[%clk
00:00:11]} {[%emt 00:00:04]} 40. Rxg7+ {[%clk 00:00:15]} {[%emt 00:00:11]} Kxg7
{[%clk 00:00:15]} {[%emt 00:00:02]} 41. Qg5+ {[%clk 00:00:19]} {[%emt
00:00:01]} Kf7 {[%clk 00:00:15]} {[%emt 00:00:04]} 42. Qf5+ {[%clk 00:00:23]}
{[%emt 00:00:02]} Ke7 {[%clk 00:00:12]} {[%emt 00:00:08]} 43. Qe6+ {[%clk
00:00:27]} {[%emt 00:00:01]} Kd8 {[%clk 00:00:14]} {[%emt 00:00:02]} 44. Qxd6+
{[%clk 00:00:32]} Kc8 {[%clk 00:00:18]} {[%emt 00:00:02]} 45. Qc6+ {[%clk
00:00:31]} {[%emt 00:00:06]} Kb8 {[%clk 00:00:20]} {[%emt 00:00:03]} 46. Qd6+
{[%clk 00:00:32]} {[%emt 00:00:04]} Ka7 {[%clk 00:00:15]} {[%emt 00:00:10]} 47.
Qc7+ {[%clk 00:00:31]} {[%emt 00:00:06]} Ka6 {[%clk 00:00:12]} {[%emt
00:00:08]} 48. Qc6+ {[%clk 00:00:22]} {[%emt 00:00:14]} Ka7 {[%clk 00:00:11]}
{[%emt 00:00:06]} 49. Qc7+ {[%clk 00:00:25]} {[%emt 00:00:02]} Ka8 {[%clk
00:00:14]} {[%emt 00:00:01]} 50. Qc8+ {[%clk 00:00:27]} {[%emt 00:00:04]} Ka7
{[%clk 00:00:18]} {[%emt 00:00:01]} 51. Qc7+ {[%clk 00:00:24]} {[%emt
00:00:01]} 1/2-1/2

[Event "World Youth & Cadets Rapid Championships"]
[Site "Rhodes, Greece"]
[Date "2022.05.01"]
[Round "2.4"]
[White "Andreev, Konstantin"]
[Black "Laux, Dominik"]
[Result "1/2-1/2"]
[TimeControl "10'/game & 5\"/move"]
[WhiteElo "1928"]
[BlackElo "2232"]

1. e4 {[%clk 00:10:08]} {[%emt 00:00:01]} c6 {[%clk 00:10:08]} {[%emt
00:00:02]} 2. d4 {[%clk 00:10:11]} {[%emt 00:00:02]} d5 {[%clk 00:10:12]}
{[%emt 00:00:02]} 3. e5 {[%clk 00:10:15]} {[%emt 00:00:01]} Bf5 {[%clk
00:10:15]} {[%emt 00:00:03]} 4. Nf3 {[%clk 00:10:18]} {[%emt 00:00:01]} e6
{[%clk 00:10:06]} {[%emt 00:00:14]} 5. Be2 {[%clk 00:10:20]} {[%emt 00:00:02]}
Nd7 {[%clk 00:09:48]} {[%emt 00:00:23]} 6. O-O {[%clk 00:10:21]} {[%emt
00:00:04]} Ne7 {[%clk 00:09:51]} {[%emt 00:00:02]} 7. Be3 {[%clk 00:10:09]} h6
{[%clk 00:09:48]} {[%emt 00:00:26]} 8. Nbd2 {[%clk 00:10:10]} g5 {[%clk
00:09:48]} {[%emt 00:00:08]} 9. Nb3 {[%clk 00:10:07]} Bg6 {[%clk 00:09:45]}
{[%emt 00:00:17]} 10. a4 {[%clk 00:10:09]} Nf5 {[%clk 00:09:33]} {[%emt
00:00:19]} 11. Bd2 {[%clk 00:09:32]} Be7 {[%clk 00:09:09]} {[%emt 00:01:12]} 12.
a5 {[%clk 00:09:18]} O-O {[%clk 00:08:44]} {[%emt 00:00:48]} 13. h3 {[%clk
00:09:04]} f6 {[%clk 00:08:02]} {[%emt 00:01:07]} 14. exf6 {[%clk 00:08:49]}
Bxf6 {[%clk 00:07:53]} {[%emt 00:00:33]} 15. Re1 {[%clk 00:08:29]} e5 {[%clk
00:05:04]} {[%emt 00:03:20]} 16. dxe5 {[%clk 00:07:24]} Nxe5 {[%clk 00:05:07]}
{[%emt 00:01:13]} 17. Nxe5 {[%clk 00:06:21]} Bxe5 {[%clk 00:05:10]} {[%emt
00:01:08]} 18. c3 {[%clk 00:05:42]} Qd6 {[%clk 00:04:30]} {[%emt 00:01:30]} 19.
Bg4 {[%clk 00:04:56]} {[%emt 00:00:50]} Rae8 {[%clk 00:03:37]} {[%emt
00:00:59]} 20. Kh1 {[%clk 00:03:44]} {[%emt 00:01:17]} Kh7 {[%clk 00:02:36]}
{[%emt 00:01:06]} 21. Bxf5 {[%clk 00:02:45]} {[%emt 00:01:03]} Bxf5 {[%clk
00:01:57]} {[%emt 00:00:45]} 22. Be3 {[%clk 00:02:48]} Qd7 {[%clk 00:01:51]}
{[%emt 00:00:13]} 23. Qh5 {[%clk 00:02:41]} Bg6 {[%clk 00:01:28]} {[%emt
00:00:40]} 24. Qg4 {[%clk 00:02:31]} Bf5 {[%clk 00:01:32]} {[%emt 00:00:16]}
1/2-1/2